Estadísticas para Lugares con Disneyland

Haz click aquí para intentar la prueba.

Estadísticas generales

  • Esta prueba ha sido intentada 2.612 veces
  • La puntuación promedio es 4 de 6

Estadísticas de respuestas

Año de aberturaCiudad% Correcto
1992París (Marne-la-Vallée)
96%
1971Orlando (Lake Buena Vista)
89%
1955Los Angeles (Anaheim)
70%
1983Tokio (Urayasu)
65%
2016Shanghái
34%
2005Hong Kong
30%

Distribución de puntuación

Porcentaje por número respondido

Porcentaje de gente con cada puntuación

Historial de tus puntuaciones

No has intentado esta prueba.